01475nam a22003374a 4500001001200000003000800012006001900020007001500039008004100054010001700095020001500112040002100127035002100148050002800169082002300197245015300220260005900373300005800432490006300490504005100553533015200604650004100756650003700797650002200834655002900856700002000885700002500905710001700930830006400947856012601011ebr10067248CaPaEBRm u cr cn|||||||||020712s2002 nyuaf sb 001 0 eng  z 2002028658 z0306473534 aCaPaEBRcCaPaEBR a(OCoLC)22811023014aRC78.7.D53bP396 2002eb04a616.07/54/028522100aPDE and level setsh[electronic resource] :balgorithmic approaches to static and motion imagery /cedited by Jasjit S. Suri and Swamy Laxminarayan. aNew York :bKluwer Academic/Plenum Publishers,cc2002. axxiii, 414 p., [16] p. of plates :bill. (some col.).1 aTopics in biomedical engineering international book series aIncludes bibliographical references and index. aElectronic reproduction.bPalo Alto, Calif. :cebrary,d2013.nAvailable via World Wide Web.nAccess may be limited to ebrary affiliated libraries. 0aDiagnostic imagingxData processing. 0aDifferential equations, Partial. 0aImage processing. 7aElectronic books.2local1 aSuri, Jasjit S.1 aLaxminarayan, Swamy.2 aebrary, Inc. 0aTopics in biomedical engineering international book series.40uhttp://site.ebrary.com/lib/rucke/Doc?id=10067248zAn electronic book accessible through the World Wide Web; click to view